000 01781cam a2200469 a 4500
001 16146672
003 OSt
005 20140310181927.0
007 co |g|||||||||
008 100322s2010 nyua 000 0 eng
010 _a 2010010763
020 _a9781438070193 (book with audio CD package)
020 _z9780764145575 (book only)
020 _z9781438070209 (audio CD package only)
020 _a1438070195 (book with audio CD package)
020 _z0764145576 (book only)
020 _z1438070209 (audio CD package only)
035 _a(OCoLC)ocn574940614
040 _aDLC
_cDLC
_dYDX
_dYDXCP
_dKYB
_dABG
_dDLC
050 0 0 _aPE 1128
_b.L644 2010
082 0 0 _aTR 428.0076
_bL92 2010
100 1 _aLougheed, Lin,
_d1946-
_92405
240 1 0 _aBarron's TOEIC
245 1 0 _aBarron's TOEIC :
_bTest of English for International Communication /
_cDr. Lin Lougheed.
246 3 0 _aTOEIC
246 3 0 _aTest of English for International Communication
250 _a5th ed.
260 _aHauppauge, N.Y. :
_bBarron's Educational Series,
_cc2010.
300 _aix, 639 p. :
_bill. ;
_c28 cm. +
_e4 CD-ROMs (4 3/4 in.)
500 _a+ 4 CD's
521 _aFaculty
541 _j1
541 _j2
562 _e2
650 0 _aTest of English for International Communication
_vStudy guides.
_92406
650 0 _aEnglish language
_vTextbooks for foreign speakers.
_92407
650 0 _aEnglish language
_xExaminations
_vStudy guides.
_92408
856 4 2 _3Publisher description
_uhttp://catdir.loc.gov/catdir/enhancements/fy1007/2010010763-d.html
906 _a7
_bcbc
_corignew
_d1
_eecip
_f20
_gy-gencatlg
942 _2lcc
_cBK-TR
_kTR
999 _c7200
_d7200